1504 1773 1795 1481 1098 1004 1715 1013 1890 1567 1344 1587 1793 1476 1061 1942 1975 1179 1873 1865 1963 1118 1086 1180 1659 1937 1516 1456 1054 1713 1598 1682 1368 1341 1521 1211 1074 1161 1463 1136 1088 1124 1597 1914 1513 1767 1281 1684 1309 1891 1229 1313 1433 1465 1817 1016 1675 1510 1723 1923 1050 1347 1138 1983 1054 1277 1976 1588 1065 1304 1654 1787 1463 1601 1720 1421 1213 1102 1798 1799 1958 1137 1667 1342 1779 1615 1967 1762 1698 1615 1887 1188 1804 1452 1375 1455 1328 1266 1318 BCNSPRNW ULIB Ver.6.0+V

เปลี่ยนเป็นภาษาไทย

Change to English
 แสดงรายละเอียดบรรณานุกรม
  กลับหน้าหลัก

Brief Record : Get Marc (ISO 2709) : E-mail record : QR code < ปิดหน้าต่าง
LEADER : 00000nam 2200000uu 4500
001    13399124581
003     ULIB
008    020711s2015 th a 000 0 eng d
020    9781259253973
060    WY26.5^bS111E
100    Virginia K. Saba
245    ESSENTIALS OF NURSING INFORMATICS./^cVirginia K. Saba,Kathleen Ann McCormick
250    6th ed
260     ^bMcgraw Hill,^c2015
300    886 pages;^b23 cm
650    Nursing information.
700    Kathleen Ann McCormick.
945    ^p0^l0^i23199
945    ^p0^l0^i23200
รายการนี้ยังไม่มีแท็ก
คุณยังไม่ได้ล็อกอิน คุณสามารถมีกิจกรรมร่วมกับเว็บไซต์ได้ แต่ต้องล็อกอินก่อน ::
  ล็อกอิน

รายการสื่อสารสนเทศ

ลำดับที่ ประเภท เลขเรียก/บาร์โค้ด สถานที่ สถานะ
1. Book การพยาบาล
หนังสือสำรอง
สถานะ=หนังสือสำรอง
WY26.5 S111E ฉ.1 
  Barcode: 23199
ห้องสมุดวิทยาเขตนครสวรรค์
►หนังสือทั่วไป:l:General Books
บนชั้น
2. Book การพยาบาล
Book การพยาบาล
WY26.5 S111E ฉ.2 
  Barcode: 23200
ห้องสมุดวิทยาเขตนครสวรรค์
►หนังสือทั่วไป:l:General Books
บนชั้น

รายการใกล้เคียง
    หัวเรื่อง [Nursing information.]

BibComment


ยังไม่เคยถูกคอมเมนท์

คอมเมนท์ทรัพยากรรายการนี้
  คอมเมนท์: ESSENTIALS OF NUR..


 Copyright 2026. Bcnsprnw @Library